000 02051cam a2200469 a 4500
001 coupjohn00updi
003 CaSfIA
005 20210118000014.0
007 cr||||
008 780503s1978 nyu 000 1 eng
010 _a 78055399
040 _aDLC
_cDLC
_dOCLCQ
_dOCL
_dBAKER
_dNLGGC
_dBTCTA
_dCLU
_dCUV
_dCaSfIA
019 _a5930649
_a11179588
_a11678654
_a28061778
020 _a039450268X
020 _a9780394502687
020 _a0394503554 (lim. ed.)
020 _a9780394503554 (lim. ed.)
035 _a(OCoLC)3915411
_z(OCoLC)5930649
_z(OCoLC)11179588
_z(OCoLC)11678654
_z(OCoLC)28061778
043 _af------
050 0 0 _aPS3571.P4
_bC58
050 0 4 _aPZ4.U64
_bCn 1978
051 _aPS3571.P4
_bC58 1978b
_cAnother issue. "Of the first edition ... three hundred and fifty copies have been printed on special paper and specially bound. Each copy is signed by the author and numbered"--Prefixed leaf. LC has copy no. 183.
082 0 0 _a813/.5/4
084 _a18.06
_2bcl
100 1 _aUpdike, John.
245 1 4 _aThe coup /
_h[electronic resource]
_cJohn Updike.
250 _a1st ed.
260 _aNew York :
_bKnopf,
_c1978.
300 _a298 p. ;
_c22 cm.
651 0 _aAfrica
_vFiction.
650 0 _aExiles
_vFiction.
655 7 _aPolitical fiction.
_2lcsh
776 0 8 _iOnline version:
_aUpdike, John.
_tCoup.
_b1st ed.
_dNew York : Knopf, 1978
_w(OCoLC)560361496
856 4 1 _uhttp://www.archive.org/details/coupjohn00updi
_zFree eBook from the Internet Archive
856 4 2 _uhttp://www.openlibrary.org/books/OL4742608M
_zAdditional information and access via Open Library
029 1 _aNLGGC
_b785458891
029 1 _aNZ1
_b3579644
029 1 _aAU@
_b000001194034
942 _cEB
506 _fНеобхідна авторизація на https://archive.org/ (створення облікового запису безкоштовно)
506 _fНеобхідна авторизація на https://openlibrary.org/ (створення облікового запису безкоштовно)
999 _c484725
_d484725